000 00551nam a2200241Ia 4500
003 20180412103411.0
005 20180430145141.0
008 170918s9999 xx 000 0 und d
020 _a9780531209271
050 _bM298 2012
100 _aMara, Will
245 _aSoccer /
245 _cWill Mara.
260 _aNew York :
260 _bScholastic,
260 _c2012
300 _a32 pages :
300 _bcolored illustration ;
300 _c18cm.
440 _aRookie ready to learn.
500 _aBR
942 _2ddc
_cLEX
999 _c340932
_d340932